| 000 | 00890cam a22002652 4500 | ||
|---|---|---|---|
| 001 | 21454 | ||
| 003 | BD-RjUL | ||
| 005 | 20211209000704.0 | ||
| 008 | 140304m1972 nyua 001 0 eng d | ||
| 035 | _a(BD-RjUL)21518 | ||
| 040 |
_aDLC _cDLC _dBD-RjUL _beng |
||
| 041 | _aeng | ||
| 082 | 0 | 0 |
_a428.34 _bWOS 1972 |
| 100 | 1 |
_aWorsdall, Vivien. _966281 |
|
| 245 | 1 | 0 | _aSpecial English for hotel personnel / |
| 260 |
_aNew York : _bCollier-Macmillan International, _c1972. |
||
| 300 |
_avii, 135 p. : _billus. ; _c22 cm. |
||
| 500 | _aIncludes index. | ||
| 650 | 0 |
_aEnglish language _vConversation and phrase books (for restaurant and hotel personnel) _966282 |
|
| 650 | 0 |
_aHotel management _xTerminology _xProblems, exercises, etc. _966283 |
|
| 650 | 0 |
_aEnglish language _vTextbooks for foreign speakers. _922763 |
|
| 942 |
_2ddc _cBK |
||
| 999 |
_c21454 _d21454 |
||